| 000 | 01014nji a22002537a 4500 | ||
|---|---|---|---|
| 005 | 20100908142914.0 | ||
| 006 | a|||||r|||||00| 0 | ||
| 007 | sd ammalaaahaa | ||
| 008 | 100830t xxu||||| |||| 00| 0 eng d | ||
| 028 |
_aECLP 2294 _bHis Master's Voice |
||
| 035 | _aGR-01223 | ||
| 040 |
_aSED _cSED |
||
| 100 |
_917455 _aTalat Mahmood |
||
| 245 |
_aTumne ye kya sitam kiya / _cby Talat Mahmood _h[sound recording] : |
||
| 246 | _aतुमने ये क्या सितम किया / तलत महमूद द्वारा | ||
| 260 |
_aIndia _bParlophone Odeon |
||
| 300 |
_a1 sound disc [Gramophone Recording]: _banalog, 33 1/3 rpm _c12.5 in. (LP) _fGramophone Record |
||
| 500 | _aBrief Record | ||
| 505 | _aSide-2 होंठो से गुल्फिशा (Hontho se gulfishan) (Talat Mahmood) | ||
| 650 |
_aClassical music _zIndia _91186 _xExcerpts |
||
| 700 | _918874 | ||
| 942 |
_2ddc _cGR |
||
| 999 |
_c44529 _d44529 |
||